Taylor Swift mystery lyrics #64 - Statistics

General Stats
  • This quiz has been taken 62 times
  • The average score is 250 of 327
Answer Stats
Answer % Correct
a
100%
I
100%
you
98%
You
98%
an
95%
in
95%
it
95%
on
95%
and
93%
And
93%
is
93%
of
93%
so
93%
the
93%
your
93%
Your
93%
me
91%
when
91%
My
89%
my
89%
no
89%
to
89%
we
89%
I'm
86%
don't
82%
if
82%
see
82%
this
82%
up
82%
All
80%
all
80%
but
80%
could
80%
ha
80%
off
80%
Only
80%
only
80%
They
80%
they
80%
by
77%
just
77%
know
77%
like
77%
not
77%
Say
77%
time
77%
want
77%
were
77%
we're
77%
are
75%
take
75%
Take
75%
that
75%
There
75%
ah
73%
Ah
73%
best
73%
'cause
73%
even
73%
Even
73%
friend
73%
got
73%
bought
70%
dress
70%
from
70%
name
70%
us
70%
at
68%
can't
68%
saw
68%
everything
66%
Now
66%
one
66%
side
66%
times
66%
wake
66%
worst
66%
about
64%
back
64%
gonna
64%
hands
64%
into
64%
met
64%
Our
64%
Flashback
61%
get
61%
idea
61%
Made
61%
made
61%
nothin'
61%
stops
61%
tattoo
61%
golden
59%
hair
59%
mark
59%
mistakes
59%
shakin'
59%
bedpost
57%
buzzcut
57%
Carve
57%
moments
57%
shake
57%
shape
57%
woke
57%
bleached
55%
crowded
55%
Everyone
55%
indentation
55%
kiss
55%
room
55%
secret
55%
thinks
55%
waitin'
55%
electrified
52%
face
52%
silence
52%
try
52%
least
50%
drunk
48%
earthquakes
48%
holdin'
48%
patience
48%
truth
48%
wine
48%
anticipation
45%
bathtub
45%
both
45%
spillin'
45%
explain
43%
lifeline
43%
pining
43%
Inescapable
41%
lies
41%
rebounds
41%
burned
36%
desperately
36%
No matching quizzes found
Score Distribution
Percent of People with Each Score
Percentile by Number Answered
Your Score History
You have not taken this quiz